Statistics for All First Burn Lyrics- Hamilton

Click here to take the quiz!

General Stats

  • This quiz has been taken 131 times
  • The average score is 240 of 278

Answer Stats

Answer% Correct
I
100%
The
100%
the
100%
Let
99%
you
99%
You
99%
to
98%
letter
95%
me
95%
who
95%
wrote
95%
an
94%
Do
94%
have
94%
He
94%
when
94%
When
94%
your
94%
Your
94%
burn
93%
(burn)
93%
know
93%
what
93%
be
92%
how
92%
How
92%
I'm
92%
bed
89%
from
89%
in
89%
In
89%
my
89%
She
89%
she
89%
every
88%
girl
88%
our
88%
this
88%
too
88%
We
88%
brought
87%
done
87%
into
87%
name
87%
ruined
87%
said
87%
And
86%
and
86%
Angelica
86%
close
86%
flown
86%
has
86%
married
86%
(mine,
86%
mine
86%
mine)
86%
sun
86%
world
86%
All
85%
all
85%
clearing
85%
don't
85%
Don't
85%
dont
85%
for
85%
it
85%
letters
85%
lives
85%
see
85%
so
85%
they
85%
though
85%
told
85%
watch
85%
were
85%
are
84%
Icarus
84%
knew
84%
not
84%
them
84%
thought
84%
whole
84%
moment
82%
published
82%
at
81%
heart
81%
look
81%
think
81%
watching
81%
around
80%
can
80%
her
80%
learn
80%
saved
80%
That
80%
fall
79%
legacy
79%
re-reading
79%
saw
79%
seen
79%
sister
79%
women
79%
burning
78%
much
78%
naive
78%
of
78%
take
78%
will
78%
you'd
78%
children
76%
reacted
76%
read
76%
there
76%
time
76%
arms
75%
broke
75%
put
75%
about
74%
another
74%
can't
74%
comes
74%
Eliza
74%
"He's
74%
historians
74%
If
74%
if
74%
myself
74%
step
74%
their
74%
want
74%
way
74%
direction
73%
erasing
73%
future
73%
mother
73%
scream
73%
some
73%
stand
73%
Stand
73%
wonder
73%
away
72%
charms
72%
Explain
72%
narrative
72%
over
72%
pain
72%
through
72%
trusted
72%
whisper
72%
whispers
72%
enemy
71%
part
71%
talk
71%
thrown
69%
forbid
68%
Heaven
68%
scheme"
68%
someone
68%
back
65%
embarrassment
65%
Just
61%

Score Distribution

Percentile by Number Answered

Percent of People with Each Score

Your Score History

You have not taken this quiz